[Event "WchT Seniors 50"]
[Site "Prague"]
[Date "2020.03.12"]
[Round "7.3"]
[White "Pastircak, Milan"]
[Black "Scheckenbach, Franz"]
[Result "1-0"]
[WhiteElo "2277"]
[BlackElo "2101"]
[PlyCount "91"]
[EventDate "2020.03.06"]
[EventType "team-swiss"]
[EventRounds "7"]
[EventCountry "CZE"]
[SourceTitle "CBM 195 Extra"]
[Source "ChessBase"]
[SourceDate "2020.05.31"]
[SourceVersion "1"]
[SourceVersionDate "2020.05.31"]
[SourceQuality "1"]
[WhiteTeam "Czech Republic 50 III"]
[BlackTeam "Germany 50 VI"]
[WhiteTeamCountry "CZE"]
[BlackTeamCountry "GER"]

1. Nf3 Nf6 2. g3 g6 3. b3 Bg7 4. Bb2 0-0 5. Bg2 c5 6. c4 d5 7. cxd5 Nxd5 8. Bxg7 Kxg7 9. 0-0 Nc6 10. d4 cxd4 11. Nxd4 e5 12. Nxc6 bxc6 13. Qc2 Qb6 14. Nc3 Nb4 15. Qb2 Be6 16. Rfd1 Rad8 17. a3 Na6 18. b4 f6 19. Qc2 Nb8 20. Bf3 Rxd1+ 21. Rxd1 Rd8 22. Na4 Rxd1+ 23. Qxd1 Qd4 24. Qxd4 exd4 25. Nc5 Bc4 26. Kf1 f5 27. Bg2 Kf6 28. f4 Ke7 29. Ke1 Kd6 30. Kd2 Kc7 31. e3 dxe3+ 32. Kxe3 Kd6 33. Kd4 Bf7 34. Bf3 h6 35. h4 Be8 36. Be2 Nd7 37. Nxd7 Bxd7 38. h5 Be8 39. Bd3 a5 40. bxa5 c5+ 41. Kc3 Kd5 42. hxg6 Bxg6 43. a6 Kc6 44. a7 Kb7 45. Kc4 Kxa7 46. Kxc5 1-0

[Event "WchT Seniors 50"]
[Site "Prague"]
[Date "2020.03.08"]
[Round "3.4"]
[White "Langner, Ladislav"]
[Black "Pastircak, Milan"]
[Result "1-0"]
[WhiteElo "2377"]
[BlackElo "2277"]
[PlyCount "85"]
[EventDate "2020.03.06"]
[EventType "team-swiss"]
[EventRounds "7"]
[EventCountry "CZE"]
[SourceTitle "CBM 195 Extra"]
[Source "ChessBase"]
[SourceDate "2020.05.31"]
[SourceVersion "1"]
[SourceVersionDate "2020.05.31"]
[SourceQuality "1"]
[WhiteTeam "Czech Republic 50"]
[BlackTeam "Czech Republic 50 III"]
[WhiteTeamCountry "CZE"]
[BlackTeamCountry "CZE"]

1. e4 e5 2. Bc4 Nf6 3. d3 c6 4. Nf3 d5 5. Bb3 a5 6. c3 Bd6 7. Bg5 Be6 8. Nbd2 Nbd7 9. d4 exd4 10. Nxd4 0-0 11. exd5 Bxd5 12. Bxd5 cxd5 13. 0-0 Re8 14. Nf5 Qc7 15. Nxd6 Qxd6 16. Nc4 Qc5 17. Ne3 Re5 18. Bh4 Re4 19. Bxf6 Nxf6 20. Qb3 b6 21. Rad1 a4 22. Qc2 Rae8 23. Rd3 g6 24. Qd1 Kg7 25. h3 b5 26. Nxd5 Nxd5 27. Rxd5 Qc4 28. a3 Re2 29. Rd4 Qc5 30. Rb4 Kg8 31. Qd7 R8e5 32. Qd8+ Re8 33. Qf6 R8e6 34. Qf4 Rd6 35. c4 bxc4 36. Rxc4 Qd5 37. Qc1 Qe5 38. Rxa4 Qxb2 39. Ra8+ Kg7 40. Qc8 Rde6 41. Qf8+ Kf6 42. Ra7 Kg5 43. Rxf7 1-0

[Event "WchT Seniors 50"]
[Site "Prague"]
[Date "2020.03.06"]
[Round "1.10"]
[White "Pastircak, Milan"]
[Black "Hejda, Antonin"]
[Result "1-0"]
[WhiteElo "2277"]
[BlackElo "1907"]
[PlyCount "51"]
[EventDate "2020.03.06"]
[EventType "team-swiss"]
[EventRounds "7"]
[EventCountry "CZE"]
[SourceTitle "CBM 195 Extra"]
[Source "ChessBase"]
[SourceDate "2020.05.31"]
[SourceVersion "1"]
[SourceVersionDate "2020.05.31"]
[SourceQuality "1"]
[WhiteTeam "Czech Republic 50 III"]
[BlackTeam "Czech Republic 50 X"]
[WhiteTeamCountry "CZE"]
[BlackTeamCountry "CZE"]

1. Nf3 Nf6 2. d4 d5 3. Bf4 Bg4 4. Ne5 Bh5 5. c4 Nbd7 6. Nc3 c6 7. Qb3 Qb6 8. Nxd7 Nxd7 9. cxd5 Qxb3 10. axb3 Nb6 11. dxc6 bxc6 12. e4 e6 13. Ba6 Rd8 14. Bb7 Rxd4 15. Bxc6+ Nd7 16. Rxa7 Bb4 17. 0-0 Ke7 18. Nb5 Rd3 19. Bd6+ Rxd6 20. Nxd6 Kxd6 21. Bxd7 Ke5 22. Rb7 Bc5 23. Rc1 Bd4 24. Rb5+ Kd6 25. Rxh5 Kxd7 26. Rd1 1-0

[Event "CZE-chT2E 1920"]
[Site "Czech Republic"]
[Date "2019.10.13"]
[Round "1.1"]
[White "Plat, Vojtech"]
[Black "Pastircak, Milan"]
[Result "1-0"]
[WhiteElo "2573"]
[BlackElo "2282"]
[PlyCount "79"]
[EventDate "2019.10.13"]
[EventType "team-tourn"]
[EventRounds "11"]
[EventCountry "CZE"]
[SourceTitle "EXT 2024"]
[Source "ChessBase"]
[SourceDate "2023.10.10"]
[SourceVersion "1"]
[SourceVersionDate "2023.10.10"]
[SourceQuality "1"]
[WhiteTeam "Orechov Orel"]
[BlackTeam "Kromeriz Slavia II"]
[WhiteTeamCountry "CZE"]
[BlackTeamCountry "CZE"]

1. b3 Nf6 2. Bb2 e6 3. Nf3 d5 4. e3 Bd6 5. c4 c6 6. Nc3 a6 7. d4 Nbd7 8. Bd3 Qe7 9. Qc2 b5 10. e4 bxc4 11. bxc4 dxe4 12. Nxe4 Bb4+ 13. Kf1 0-0 14. Ne5 Nxe5 15. Nxf6+ Qxf6 16. dxe5 Qh4 17. Be4 Rd8 18. g3 Qh3+ 19. Bg2 Qh5 20. Bxc6 Rb8 21. Bc3 Qh3+ 22. Kg1 Qg4 23. Bxb4 Rxb4 24. Rc1 Qd4 25. Kg2 Qb6 26. Be4 Bb7 27. Rhd1 Rc8 28. Rd6 Qc7 29. a3 Bxe4+ 30. Qxe4 Ra4 31. Qd3 Ra5 32. Rd1 h6 33. Qe4 Rc5 34. Rd7 Qb8 35. R1d6 Rxc4 36. Qd3 Qa8+ 37. f3 g6 38. Rxf7 Kxf7 39. Rd7+ Ke8 40. Qd6 1-0

[Event "CZE-chT1E 1819"]
[Site "Czech Republic"]
[Date "2019.04.07"]
[Round "11.4"]
[White "Pastircak, Milan"]
[Black "Krejca, Jakub"]
[Result "1/2-1/2"]
[WhiteElo "2288"]
[BlackElo "2141"]
[PlyCount "40"]
[EventDate "2018.10.21"]
[EventType "team-tourn"]
[EventRounds "11"]
[EventCountry "CZE"]
[SourceTitle "EXT 2020"]
[Source "ChessBase"]
[SourceDate "2019.10.17"]
[SourceVersion "1"]
[SourceVersionDate "2019.10.17"]
[SourceQuality "1"]
[WhiteTeam "Kromeriz"]
[BlackTeam "Hostalkova"]
[WhiteTeamCountry "CZE"]
[BlackTeamCountry "CZE"]

1. d4 d5 2. Nf3 Nf6 3. Bf4 e6 4. e3 Be7 5. c4 0-0 6. Nc3 Nbd7 7. Qc2 c6 8. cxd5 exd5 9. Bd3 Re8 10. h3 Nf8 11. 0-0 g6 12. Rab1 Ne6 13. Bh2 Ng7 14. b4 a6 15. a4 Bf5 16. Rfc1 Bxd3 17. Qxd3 Nf5 18. b5 axb5 19. axb5 Ra3 20. bxc6 bxc6 1/2-1/2

[Event "CZE-chT1E 1819"]
[Site "Czech Republic"]
[Date "2019.03.03"]
[Round "9.4"]
[White "Pastircak, Milan"]
[Black "Michenka, Jozef"]
[Result "1/2-1/2"]
[WhiteElo "2288"]
[BlackElo "2278"]
[PlyCount "23"]
[EventDate "2018.10.21"]
[EventType "team-tourn"]
[EventRounds "11"]
[EventCountry "CZE"]
[SourceTitle "CBM 189 Extra"]
[Source "ChessBase"]
[SourceDate "2019.06.03"]
[SourceVersion "1"]
[SourceVersionDate "2019.06.03"]
[SourceQuality "1"]
[WhiteTeam "Kromeriz"]
[BlackTeam "Ostrava"]
[WhiteTeamCountry "CZE"]
[BlackTeamCountry "CZE"]

1. e4 c5 2. Nf3 e6 3. c3 Nf6 4. Bd3 Nc6 5. Bc2 d6 6. 0-0 Be7 7. d4 cxd4 8. cxd4 0-0 9. Nc3 e5 10. h3 Re8 11. Be3 h6 12. Re1 1/2-1/2

[Event "CZE-chT1E 1819"]
[Site "Czech Republic"]
[Date "2019.02.17"]
[Round "8.4"]
[White "Strasil, Pavel"]
[Black "Pastircak, Milan"]
[Result "1/2-1/2"]
[WhiteElo "2031"]
[BlackElo "2288"]
[PlyCount "28"]
[EventDate "2018.10.21"]
[EventType "team-tourn"]
[EventRounds "11"]
[EventCountry "CZE"]
[SourceTitle "CBM 189 Extra"]
[Source "ChessBase"]
[SourceDate "2019.06.03"]
[SourceVersion "1"]
[SourceVersionDate "2019.06.03"]
[SourceQuality "1"]
[WhiteTeam "Litovel Tatran"]
[BlackTeam "Kromeriz"]
[WhiteTeamCountry "CZE"]
[BlackTeamCountry "CZE"]

1. d4 Nf6 2. c4 c5 3. Nf3 cxd4 4. Nxd4 e6 5. e3 Be7 6. Nc3 0-0 7. Be2 Nc6 8. 0-0 Nxd4 9. Qxd4 d5 10. cxd5 Nxd5 11. Nxd5 Qxd5 12. Qxd5 exd5 13. Rd1 Be6 14. b3 Rfc8 1/2-1/2

[Event "CZE-chT1E 1819"]
[Site "Czech Republic"]
[Date "2019.02.03"]
[Round "7.5"]
[White "Pastircak, Milan"]
[Black "Skacelik, Petr"]
[Result "1-0"]
[WhiteElo "2288"]
[BlackElo "2181"]
[PlyCount "39"]
[EventDate "2018.10.21"]
[EventType "team-tourn"]
[EventRounds "11"]
[EventCountry "CZE"]
[SourceTitle "CBM 188 Extra"]
[Source "ChessBase"]
[SourceDate "2019.02.26"]
[SourceVersion "1"]
[SourceVersionDate "2019.02.26"]
[SourceQuality "1"]
[WhiteTeam "Kromeriz"]
[BlackTeam "Jundrov Jezdci"]
[WhiteTeamCountry "CZE"]
[BlackTeamCountry "CZE"]

1. d4 Nf6 2. Nf3 g6 3. Bg5 Bg7 4. Nbd2 0-0 5. e4 d6 6. Bd3 h6 7. Bh4 g5 8. Bg3 Nh5 9. Nxg5 Nxg3 10. hxg3 hxg5 11. Qh5 Re8 12. Nf3 e6 13. Nxg5 Qe7 14. f4 Nc6 15. c3 f6 16. 0-0-0 Bd7 17. e5 Red8 18. Qg6 Be8 19. Rh8+ Kxh8 20. Qh7# 1-0

[Event "CZE-chT1E 1819"]
[Site "Czech Republic"]
[Date "2018.10.21"]
[Round "1.4"]
[White "Seidl, Stepan"]
[Black "Pastircak, Milan"]
[Result "1/2-1/2"]
[WhiteElo "2185"]
[BlackElo "2288"]
[PlyCount "57"]
[EventDate "2018.10.21"]
[EventType "team-tourn"]
[EventRounds "11"]
[EventCountry "CZE"]
[SourceTitle "CBM 187 Extra"]
[Source "ChessBase"]
[SourceDate "2018.11.04"]
[SourceVersion "1"]
[SourceVersionDate "2018.11.04"]
[SourceQuality "1"]
[WhiteTeam "Gordic"]
[BlackTeam "Kromeriz"]
[WhiteTeamCountry "CZE"]
[BlackTeamCountry "CZE"]

1. Nf3 Nf6 2. g3 g6 3. b3 Bg7 4. Bb2 b6 5. Bg2 Bb7 6. 0-0 0-0 7. d4 c5 8. d5 b5 9. Re1 e6 10. e4 exd5 11. exd5 d6 12. Na3 a6 13. c4 b4 14. Nc2 Nbd7 15. a3 a5 16. a4 Re8 17. Qd3 Qc7 18. Bh3 Rad8 19. Rab1 Bc8 20. Kg2 Nf8 21. Bxc8 Qxc8 22. Bxf6 Bxf6 23. Rxe8 Rxe8 24. Re1 Nd7 25. Rxe8+ Qxe8 26. Ne3 Qe7 27. Nf1 Kg7 28. Qe3 Qxe3 29. Nxe3 1/2-1/2

[Event "Wch Seniors 50 26th"]
[Site "Marianske Lazne"]
[Date "2016.11.30"]
[Round "11"]
[White "Pastircak, Milan"]
[Black "Hartung Nielsen, Jens"]
[Result "1/2-1/2"]
[WhiteElo "2362"]
[BlackElo "2200"]
[PlyCount "58"]
[EventDate "2016.11.19"]
[EventType "swiss"]
[EventRounds "11"]
[EventCountry "CZE"]
[SourceTitle "CBM 175 Extra"]
[Source "ChessBase"]
[SourceDate "2016.12.12"]
[SourceVersion "1"]
[SourceVersionDate "2016.12.12"]
[SourceQuality "1"]

1. e4 d5 2. exd5 Nf6 3. c4 e6 4. Nc3 exd5 5. cxd5 Nxd5 6. Nf3 Be7 7. Bc4 Nb6 8. Bb3 0-0 9. h3 Nc6 10. d4 Bf6 11. Be3 Na5 12. Bc2 Nac4 13. 0-0 Re8 14. Bf4 c6 15. b3 Nd6 16. Re1 Rxe1+ 17. Qxe1 Bf5 18. Rc1 Bxc2 19. Rxc2 Nf5 20. Be5 Be7 21. Qe4 Qd7 22. g4 Nd6 23. Bxd6 Bxd6 24. Re2 Bb4 25. Na4 Nd5 26. Ne5 Qe7 27. Nd3 Re8 28. Qxe7 Rxe7 29. Rxe7 Bxe7 1/2-1/2

[Event "Wch Seniors 50 26th"]
[Site "Marianske Lazne"]
[Date "2016.11.26"]
[Round "7"]
[White "Ivanov, Alexander"]
[Black "Pastircak, Milan"]
[Result "1-0"]
[WhiteElo "2478"]
[BlackElo "2362"]
[PlyCount "83"]
[EventDate "2016.11.19"]
[EventType "swiss"]
[EventRounds "11"]
[EventCountry "CZE"]
[SourceTitle "CBM 175 Extra"]
[Source "ChessBase"]
[SourceDate "2016.12.12"]
[SourceVersion "1"]
[SourceVersionDate "2016.12.12"]
[SourceQuality "1"]

1. e4 e6 2. d4 d5 3. Nd2 Nf6 4. e5 Nfd7 5. c3 c5 6. f4 Nc6 7. Ndf3 Qb6 8. g3 cxd4 9. cxd4 Be7 10. Bh3 0-0 11. Ne2 f6 12. Nc3 f5 13. g4 fxg4 14. Bxg4 Nd8 15. 0-0 Nf7 16. f5 Nb8 17. Bh3 Na6 18. Bf4 Qc6 19. Qb3 Nc7 20. fxe6 Bxe6 21. Bg2 b6 22. Rac1 Qd7 23. Ne2 h6 24. Be3 g5 25. Ng3 Nh8 26. Nh5 Ne8 27. h4 Bf7 28. Nf6+ Nxf6 29. exf6 Bxf6 30. hxg5 hxg5 31. Bxg5 Bxg5 32. Nxg5 Rad8 33. Qg3 Bg6 34. Rxf8+ Rxf8 35. Bh3 Qa4 36. Be6+ Kg7 37. Qe5+ Kh6 38. Qe3 Kg7 39. Rc7+ Nf7 40. Bxf7 Bxf7 41. Ne6+ Kf6 42. Qg5+ 1-0

[Event "Wch Seniors 50 26th"]
[Site "Marianske Lazne"]
[Date "2016.11.23"]
[Round "5"]
[White "Habibi, Ali"]
[Black "Pastircak, Milan"]
[Result "1/2-1/2"]
[WhiteElo "2225"]
[BlackElo "2362"]
[PlyCount "61"]
[EventDate "2016.11.19"]
[EventType "swiss"]
[EventRounds "11"]
[EventCountry "CZE"]
[SourceTitle "CBM 175 Extra"]
[Source "ChessBase"]
[SourceDate "2016.12.12"]
[SourceVersion "1"]
[SourceVersionDate "2016.12.12"]
[SourceQuality "1"]

1. g3 d5 2. Nf3 Nf6 3. d3 Bg4 4. Nbd2 e6 5. Bg2 Be7 6. 0-0 0-0 7. Qe1 a5 8. a4 Nc6 9. h3 Bh5 10. g4 Bg6 11. Nh4 e5 12. Nxg6 hxg6 13. c3 Re8 14. Qd1 g5 15. Qb3 Ra6 16. e4 Rb6 17. Qa2 dxe4 18. dxe4 Nd7 19. Nc4 Ra6 20. Rd1 Bc5 21. Be3 Bxe3 22. Nxe3 Ne7 23. Rd2 Qc8 24. Bf1 Rf6 25. Qa3 b6 26. Bb5 c6 27. Bf1 Nc5 28. Bg2 Rd8 29. Rad1 Rxd2 30. Rxd2 Qc7 31. b4 1/2-1/2

[Event "Wch Seniors 50 26th"]
[Site "Marianske Lazne"]
[Date "2016.11.22"]
[Round "4"]
[White "Pastircak, Milan"]
[Black "Madeira, Wagner Martins"]
[Result "1-0"]
[WhiteElo "2362"]
[BlackElo "2172"]
[PlyCount "117"]
[EventDate "2016.11.19"]
[EventType "swiss"]
[EventRounds "11"]
[EventCountry "CZE"]
[SourceTitle "CBM 175 Extra"]
[Source "ChessBase"]
[SourceDate "2016.12.12"]
[SourceVersion "1"]
[SourceVersionDate "2016.12.12"]
[SourceQuality "1"]

1. e4 e5 2. Nf3 Nc6 3. Bb5 Nf6 4. d3 d6 5. c3 Be7 6. Nbd2 0-0 7. Nf1 a6 8. Bxc6 bxc6 9. Ng3 Re8 10. 0-0 Bf8 11. Re1 c5 12. h3 g6 13. Be3 h6 14. Qc2 Bb7 15. Rad1 Qd7 16. Bc1 Qc6 17. b3 Nd7 18. Be3 Kh7 19. Qb1 a5 20. d4 Bg7 21. d5 Qa6 22. a4 Bc8 23. c4 Nf6 24. Qd3 Bd7 25. Bd2 Ng8 26. Bc3 Rf8 27. Nd2 f5 28. exf5 Bxf5 29. Nde4 Rab8 30. Rb1 Nf6 31. Nxf5 Nxe4 32. Nxg7 Nxc3 33. Ne6 Nxb1 34. Nxf8+ Rxf8 35. Qxb1 Qc8 36. Re3 Qb8 37. Qe1 Qb6 38. g3 g5 39. Kg2 Kg7 40. Qc3 Rf6 41. f3 Qb4 42. Qxb4 cxb4 43. Re4 Kf7 44. Kf2 Ke7 45. Ke3 Kd7 46. h4 gxh4 47. Rxh4 c5 48. Rg4 Kc7 49. Rg7+ Kb8 50. Re7 Rg6 51. g4 h5 52. Re6 Rg5 53. gxh5 Rxh5 54. Rxd6 Rh1 55. Rb6+ Kc7 56. Rc6+ Kd7 57. Rxc5 Rb1 58. Rxa5 Rxb3+ 59. Ke4 1-0

[Event "Wch Seniors 50 26th"]
[Site "Marianske Lazne"]
[Date "2016.11.19"]
[Round "1"]
[White "Malinovsky, Petr"]
[Black "Pastircak, Milan"]
[Result "0-1"]
[WhiteElo "1957"]
[BlackElo "2362"]
[PlyCount "70"]
[EventDate "2016.11.19"]
[EventType "swiss"]
[EventRounds "11"]
[EventCountry "CZE"]
[SourceTitle "CBM 175 Extra"]
[Source "ChessBase"]
[SourceDate "2016.12.12"]
[SourceVersion "1"]
[SourceVersionDate "2016.12.12"]
[SourceQuality "1"]

1. d4 Nf6 2. c4 g6 3. f3 c5 4. d5 b5 5. e4 d6 6. cxb5 a6 7. Nc3 Bg7 8. bxa6 0-0 9. Be3 Nbd7 10. Qd2 Ne5 11. Bh6 Bxh6 12. Qxh6 Bxa6 13. Nh3 Bxf1 14. Kxf1 Qb6 15. Rb1 Rfb8 16. Nf2 Qb4 17. Qc1 Qd4 18. Qd1 Nc4 19. Ne2 Qxd1+ 20. Rxd1 Ne3+ 21. Ke1 Rxb2 22. Rd3 Nc2+ 23. Kf1 Nb4 24. Rd1 Raxa2 25. Re1 Nc2 26. Nc3 Ra3 27. Nfd1 Nxe1 28. Nxb2 Rxc3 29. Kxe1 Rc2 30. Nd1 Nd7 31. h4 Ne5 32. Rh3 Nd3+ 33. Kf1 Rc1 34. f4 Rxd1+ 35. Ke2 Nxf4+ 0-1

[Event "Aegean op 39th"]
[Site "Aghios Kirykos"]
[Date "2016.07.15"]
[Round "7"]
[White "Pastircak, Milan"]
[Black "Dorfanis, Ilarion"]
[Result "1-0"]
[WhiteElo "2363"]
[BlackElo "2121"]
[PlyCount "77"]
[EventDate "2016.07.11"]
[EventType "swiss"]
[EventRounds "9"]
[EventCountry "GRE"]
[SourceTitle "CBM 173 Extra"]
[Source "ChessBase"]
[SourceDate "2016.08.29"]
[SourceVersion "1"]
[SourceVersionDate "2016.08.29"]
[SourceQuality "1"]

1. Nf3 Nf6 2. c4 e6 3. g3 d5 4. Bg2 dxc4 5. Qa4+ Nbd7 6. 0-0 a6 7. Qxc4 c5 8. Qc2 Be7 9. b3 0-0 10. Bb2 Nd5 11. Nc3 Nb4 12. Qb1 Rb8 13. d4 Nf6 14. Rd1 cxd4 15. Rxd4 Qc7 16. Rc4 Qd8 17. Ne4 Nfd5 18. a3 Nc6 19. b4 Bd7 20. Nc5 Be8 21. Rg4 Bf6 22. h4 Bxb2 23. Qxb2 Qf6 24. Qxf6 Nxf6 25. Rc4 Ne7 26. Ne5 Bb5 27. Rc2 b6 28. a4 bxc5 29. axb5 cxb4 30. bxa6 Ned5 31. Bxd5 exd5 32. a7 Ra8 33. Rb2 Rfe8 34. f4 Ne4 35. Rxb4 Nxg3 36. Nd7 Nxe2+ 37. Kf2 Nxf4 38. Rxf4 Re7 39. Rb4 1-0

[Event "Aegean op 39th"]
[Site "Aghios Kirykos"]
[Date "2016.07.13"]
[Round "3"]
[White "Skalkotas, Nikolaos"]
[Black "Pastircak, Milan"]
[Result "1/2-1/2"]
[WhiteElo "2114"]
[BlackElo "2363"]
[PlyCount "34"]
[EventDate "2016.07.11"]
[EventType "swiss"]
[EventRounds "9"]
[EventCountry "GRE"]
[SourceTitle "CBM 173 Extra"]
[Source "ChessBase"]
[SourceDate "2016.08.29"]
[SourceVersion "1"]
[SourceVersionDate "2016.08.29"]
[SourceQuality "1"]

1. d4 Nf6 2. c4 c6 3. Nf3 d5 4. Qb3 dxc4 5. Qxc4 Bf5 6. Nc3 Nbd7 7. g3 e6 8. Bg2 Be7 9. 0-0 0-0 10. Bg5 Rc8 11. Qb3 b5 12. Rad1 b4 13. Bxf6 Nxf6 14. Na4 Qd5 15. Ne5 Be4 16. Bxe4 Qxe4 17. Qf3 Qxf3 1/2-1/2

[Event "CZE-chT1E 1516"]
[Site "Czech Republic"]
[Date "2016.01.31"]
[Round "7.6"]
[White "Pastircak, Milan"]
[Black "Novosadova, Kristyna"]
[Result "1/2-1/2"]
[WhiteElo "2361"]
[BlackElo "2218"]
[PlyCount "99"]
[EventDate "2015.10.11"]
[EventType "team-tourn"]
[EventRounds "11"]
[EventCountry "CZE"]
[SourceTitle "CBM 170 Extra"]
[Source "ChessBase"]
[SourceDate "2016.02.25"]
[SourceVersion "1"]
[SourceVersionDate "2016.02.25"]
[SourceQuality "1"]
[WhiteTeam "Kromeriz"]
[BlackTeam "Beskydy Chess School II"]
[WhiteTeamCountry "CZE"]
[BlackTeamCountry "CZE"]

1. Nf3 Nf6 2. d4 g6 3. Bg5 Ne4 4. Bh4 Bg7 5. Nbd2 d5 6. e3 c5 7. c3 Qb6 8. Qb3 Nc6 9. Be2 Qxb3 10. axb3 cxd4 11. exd4 f5 12. b4 Nd8 13. Bg3 0-0 14. Be5 Bh6 15. Bd1 Nf7 16. Bc7 Be6 17. Nxe4 dxe4 18. Ne5 Nd6 19. Ba4 b5 20. Bd1 Rfc8 21. Ba5 Bf4 22. 0-0 Rab8 23. Be2 Bxe5 24. dxe5 Nf7 25. f4 exf3 26. Rxf3 Bd5 27. Rd3 Be6 28. Re1 Kf8 29. Bf1 Ng5 30. Rd4 Ke8 31. h4 Ne4 32. Bd3 Ng3 33. Kf2 Nh5 34. g3 Ng7 35. Be2 h5 36. Red1 a6 37. Bf3 Bb3 38. R1d2 Be6 39. Rd1 Bb3 40. Rd8+ Rxd8 41. Bc6+ Kf7 42. Rxd8 Rxd8 43. Bxd8 Ke6 44. Bb7 Kxe5 45. Bc7+ Ke6 46. Bxa6 Bc4 47. b3 Bxb3 48. Bxb5 Kd5 49. Ke3 e5 50. Bb8 1/2-1/2

[Event "CZE-chT1E 1516"]
[Site "Czech Republic"]
[Date "2015.10.25"]
[Round "2.6"]
[White "Hofirek, Benedikt"]
[Black "Pastircak, Milan"]
[Result "1/2-1/2"]
[WhiteElo "2250"]
[BlackElo "2361"]
[PlyCount "56"]
[EventDate "2015.10.11"]
[EventType "team-tourn"]
[EventRounds "11"]
[EventCountry "CZE"]
[SourceTitle "CBM 169 Extra"]
[Source "ChessBase"]
[SourceDate "2015.12.18"]
[SourceVersion "1"]
[SourceVersionDate "2015.12.18"]
[SourceQuality "1"]
[WhiteTeam "Brno Lokomotiva"]
[BlackTeam "Kromeriz"]
[WhiteTeamCountry "CZE"]
[BlackTeamCountry "CZE"]

1. d4 e6 2. c4 Bb4+ 3. Bd2 a5 4. Nf3 Nf6 5. a3 Bxd2+ 6. Nbxd2 d6 7. g3 Qe7 8. e4 e5 9. d5 a4 10. Bg2 Nbd7 11. 0-0 Nc5 12. Ne1 h5 13. h3 h4 14. g4 Bd7 15. Qe2 Nh7 16. Nd3 Nxd3 17. Qxd3 Nf8 18. f4 Ng6 19. f5 Nf4 20. Qe3 g5 21. Rfc1 b6 22. Bf1 0-0 23. Nb1 Ra5 24. Nc3 Rfa8 25. Nb5 Be8 26. Nc3 f6 27. Rab1 Kf8 28. Rd1 Qd8 1/2-1/2

[Event "Aegean op 38th"]
[Site "Aghios Kirykos"]
[Date "2015.07.11"]
[Round "1"]
[White "Pastircak, Milan"]
[Black "Stergiou, Georgios"]
[Result "1-0"]
[WhiteElo "2374"]
[BlackElo "1831"]
[PlyCount "97"]
[EventDate "2015.07.11"]
[EventType "swiss"]
[EventRounds "9"]
[EventCountry "GRE"]
[SourceTitle "CBM 167 Extra"]
[Source "ChessBase"]
[SourceDate "2015.09.14"]
[SourceVersion "1"]
[SourceVersionDate "2015.09.14"]
[SourceQuality "1"]

1. d4 d6 2. e4 g6 3. c3 Bg7 4. f4 Nf6 5. e5 dxe5 6. fxe5 Nd5 7. Nf3 0-0 8. Bc4 c6 9. 0-0 h6 10. Na3 b6 11. Qe1 Ba6 12. Qh4 Kh7 13. Bxh6 Bxh6 14. Ng5+ Kg7 15. Rxf7+ Rxf7 16. Qxh6+ Kxh6 17. Nxf7+ Kg7 18. Nxd8 Bxc4 19. Nxc4 Nd7 20. Ne6+ Kf7 21. Ng5+ Kg7 22. Rf1 Kh6 23. Ne4 Rf8 24. Rxf8 Nxf8 25. Kf2 Ne6 26. g3 Kh5 27. h3 g5 28. Ne3 Kg6 29. Kf3 Ndc7 30. Nf2 Nd8 31. Ke4 e6 32. c4 Na6 33. Nfg4 Nf7 34. Nf6 Nh6 35. a3 Nf5 36. Nxf5 exf5+ 37. Ke3 Nc7 38. d5 cxd5 39. cxd5 Kf7 40. h4 f4+ 41. gxf4 gxh4 42. Kf3 Na6 43. Ne4 Nc7 44. Ng5+ Ke8 45. Ke4 a5 46. f5 b5 47. d6 Na6 48. Kd5 b4 49. e6 1-0

[Event "CZE-chT2D 1213"]
[Site "Czech Republic"]
[Date "2013.02.03"]
[Round "8.1"]
[White "Simek, Jan"]
[Black "Pastircak, Milan"]
[Result "0-1"]
[WhiteElo "2192"]
[BlackElo "2404"]
[PlyCount "50"]
[EventDate "2012.10.14"]
[EventType "team-tourn"]
[EventRounds "11"]
[EventCountry "CZE"]
[SourceTitle "EXT 2016"]
[Source "ChessBase"]
[SourceDate "2015.10.08"]
[SourceVersion "1"]
[SourceVersionDate "2015.10.08"]
[SourceQuality "1"]
[WhiteTeam "Ceska Trebova"]
[BlackTeam "Olomouc Garde"]
[WhiteTeamCountry "CZE"]
[BlackTeamCountry "CZE"]

1. e4 g6 2. d4 Bg7 3. Nc3 d6 4. Be3 a6 5. Nf3 Nd7 6. h3 b5 7. e5 Bb7 8. Bd3 dxe5 9. dxe5 Bxf3 10. Qxf3 Nxe5 11. Qb7 Nxd3+ 12. cxd3 Nf6 13. Qc6+ Nd7 14. 0-0 0-0 15. d4 Nf6 16. a4 b4 17. Ne4 Nd5 18. Nc5 Qd6 19. Qd7 Rfd8 20. Qg4 Rab8 21. Rac1 a5 22. Nd3 Qa6 23. Rfd1 Rd6 24. Nc5 Qa8 25. Nd7 f5 0-1

[Event "CZE-chT2D 1213"]
[Site "Czech Republic"]
[Date "2013.01.06"]
[Round "6.1"]
[White "Hosek, Milan"]
[Black "Pastircak, Milan"]
[Result "1/2-1/2"]
[WhiteElo "2308"]
[BlackElo "2404"]
[PlyCount "64"]
[EventDate "2012.10.14"]
[EventType "team-tourn"]
[EventRounds "11"]
[EventCountry "CZE"]
[SourceTitle "EXT 2016"]
[Source "ChessBase"]
[SourceDate "2015.10.08"]
[SourceVersion "1"]
[SourceVersionDate "2015.10.08"]
[SourceQuality "1"]
[WhiteTeam "Polabiny III"]
[BlackTeam "Olomouc Garde"]
[WhiteTeamCountry "CZE"]
[BlackTeamCountry "CZE"]

1. Nf3 Nf6 2. g3 b6 3. Bg2 Bb7 4. 0-0 e6 5. c4 c5 6. Nc3 Be7 7. b3 0-0 8. Bb2 d6 9. d4 cxd4 10. Qxd4 Nbd7 11. Rfd1 a6 12. Ng5 Bxg2 13. Kxg2 Qc7 14. Nge4 Rfd8 15. f3 Bf8 16. Nxf6+ Nxf6 17. Ne4 Ne8 18. Rac1 Qb7 19. Nf2 Be7 20. e4 b5 21. Qd3 h6 22. Rc2 bxc4 23. Rxc4 d5 24. exd5 Rxd5 25. Qe2 Nd6 26. Rcc1 Nf5 27. Rxd5 Qxd5 28. Qe4 a5 29. Qxd5 Ne3+ 30. Kg1 Nxd5 31. Rc4 Nb4 32. a3 Nd5 1/2-1/2